000 00630cam a22001935a 4500
001 ##J100675
008 000000s1902 xxk 000 0 eng u
035 _a(Sirsi) u100714
041 0 _aeng
050 0 4 _a942.273 $ 222
110 2 _aSurveyors' Institution
_93783
245 0 0 _aVisit of the Institution to Cambridge. 22nd and 23rd May 1902
260 _a[S.l.]
_b[s.n.]
_c1902
300 _a31p.
_bmap
_c18cm.
520 _aPamphlet outlining the itinerary and principal objects of interest during the Institution work visit to Cambridge.
651 4 _aUnited Kingdom
_y
690 _aRICS SERVICES-RICS EVENTS
942 _n0
999 _c99771
_d99771